Manual de forja artística

সংরক্ষণ করুন:
গ্রন্থ-পঞ্জীর বিবরন
প্রধান লেখক: Kühn, Fritz (Author)
বিন্যাস: গ্রন্থ
ভাষা:স্প্যানিশ
প্রকাশিত: Barcelona Gustavo Gili 1972
সংস্করন:2a. ed
বিষয়গুলি:
ট্যাগগুলো: ট্যাগ যুক্ত করুন
কোনো ট্যাগ নেই, প্রথমজন হিসাবে ট্যাগ করুন!

MARC

LEADER 00000nam a2200000 a 4500
001 UCP2186
003 CL-VaPUC
008 990507e19720000SP |||||||||||||||||spa|d
082 0 4 |a 639.4  |b KUH  |2 21 
100 0 |a Kühn, Fritz  |e author  |9 428729 
245 1 0 |a Manual de forja artística 
250 |a 2a. ed 
300 |a 238 p 
942 |c BK 
945 |d 19990507 00:00:00  |a cmena 
260 |a Barcelona  |b Gustavo Gili  |c 1972 
650 7 |a TRABAJADO DE METALES  |2 CL-VaPUC  |9 344423 
650 7 |a FORJA  |2 CL-VaPUC  |9 262656 
650 7 |a PIEZAS FORJADAS  |2 CL-VaPUC  |9 428730 
650 7 |a HIERRO  |2 CL-VaPUC  |9 357538 
650 0 |a Prensado en metales   |9 428731 
583 |a last modification  |c 20160921 03:32:43  |k Rodrigo Vera 
999 |c 280768  |d 280766 
952 |0 0  |1 0  |4 0  |6 639_400000000000000_KUH_1972  |7 0  |8 A  |9 321268  |a BIBMEC  |b BIBMEC  |d 2019-11-20  |i 1499041  |o 639.4 KUH 1972  |p 1499041  |r 2024-01-19  |w 2019-11-20  |y BK  |k MEC